000 00921nac a22002657a 4500
001 BR9803826
003 BR-BrBNA
005 20240105122035.0
008 230509b bl.|||m| |||| 00| 0 por d
040 _aBR-BrBNA
_bpor
_cBiblioteca Nacional de Agricultura
072 _aF01
090 _a2322 BR9803826
100 1 _aSousa, M. de M.M.
110 1 _aCentro de Pesquisa Agroflorestal do Acre, Rio Branco (Brasil)
245 1 _aInfluencia da densidade de plantio sobre o crescimento de plantas de pimenta longa (Piper hispidinervium)
260 3 _aRio Branco, AC (Brasil):
_c1997.
300 _a4 p.
490 _aPesquisa em Andamento - Centro de Pesquisa Agroflorestal do Acre (Brazil)
_vno. 93
_xISSN 0101-6075
500 _aSummary (Pt)
650 _aPimenta Longa
650 _aDensidade de Plantio
650 _aCrescimento
909 _a202312
_bLúcia Elande
_c55
_dLúcia Elande
942 _2AGRIS
_n0
_cMS
999 _c288877
_d288877